| 000 | 00755nam a2200265Ia 4500 | ||
|---|---|---|---|
| 008 | 171025s9999 xx 000 0 und d | ||
| 020 | _a449901149 | ||
| 050 | _a747.21 | ||
| 050 | _bV318 1984 | ||
| 100 | _aVarney, Carleton | ||
| 245 | _aRoom-by-room decorating : | ||
| 245 | _bdiscover the styles that are right for you with the help of America's most popular decorator / | ||
| 245 | _cby Carleton Varney. | ||
| 260 | _aCanada : | ||
| 260 | _bFawcett Columbine, | ||
| 260 | _c1984 | ||
| 300 | _a157 pages : | ||
| 300 | _billustrations ; | ||
| 300 | _c23cm. | ||
| 500 | _aIncludes glossary and index. | ||
| 650 | _aInterior decoration -- | ||
| 650 | _aInterior decoration. | ||
| 650 | _xHandbooks, manuals, etc. | ||
| 700 | _aTitle. | ||
| 999 |
_c344551 _d344551 |
||